| 000 | nam a22 7a 4500 | ||
|---|---|---|---|
| 999 |
_c15572 _d15572 |
||
| 008 | 161102b xxu||||| |||| 00| 0 eng d | ||
| 020 | _a9780131995369 | ||
| 020 | _a0131995367 | ||
| 050 | _aHF 5718 .B659 2008 | ||
| 100 | _aBov'ee, Courtland L. | ||
| 245 |
_aBusiness communication essentials/ _cCourtland L. Bov'ee and John V. Thill. |
||
| 250 | _a3rd ed. | ||
| 260 |
_aNew Jersey (Upper Saddle River) : _bPearson Prentice Hall ; _c2008. |
||
| 300 |
_axxviii, 449p. : _bill. ; _c27cm. _eCD. |
||
| 500 | _aIncludes index. | ||
| 650 | _aBusinesss communication. | ||
| 650 | _aBusiness writing. | ||
| 650 | _aBusiness presentations. | ||
| 700 | _aThill, John V. | ||
| 942 |
_2lcc _cBOOKS _hHF 5718 .B659 2008 |
||